| 000 | 00436nam a2200193Ia 4500 | ||
|---|---|---|---|
| 005 | 20240823054340.0 | ||
| 008 | 240823s9999||||xx |||||||||||||| ||und|| | ||
| 020 | _a978-0-330-52201-4 | ||
| 041 | _aENGLISH | ||
| 082 | _A823.92 Q2 | ||
| 100 | _aTess stimson | ||
| 245 | 4 | _aThe Wife who Ran Away | |
| 250 | _a1st | ||
| 260 |
_c2002 _b"Pan Books,L" |
||
| 500 | _aYES | ||
| 650 |
_aNovel _bGeneral |
||
| 942 | _cBK | ||
| 999 |
_c226251 _d226251 |
||